[Event "Airthings Masters KO 2020"]
[White "Carlsen,Magnus"]
[Black "Dubov,Daniil"]
[Site "Online"]
[Round "1.1"]
[Annotator "TA"]
[Result "0-1"]
[Date "2020.12.28"]
[WhiteElo "2862"]
[BlackElo "2699"]
[PlyCount "76"]

1. Nf3 {} Nf6 2. c4 e6 3. Nc3 c5 4. e3 a6 5. d4 d5 6. cxd5 exd5 7. g3 {D40: Queen's Gambit Declined: Semi-Tarrasch with 5 e3.} Nc6 8. Bg2 c4 9. 0-0 {White has an edge.} Bb4 10. Ne5 0-0 11. Bd2 Re8 12. Nxc6 bxc6 13. b3 {[#]} Bxc3 $5 $146 { An interesting novelty.} ({Predecessor:} 13... a5 14. Qc2 cxb3 15. axb3 g6 16. Rfc1 Bf5 17. Qd1 Qd6 18. Ra2 h5 19. Na4 h4 {1/2-1/2 
(37) Carlsen,M (2845)-Mamedyarov,S (2790) Shamkir 2019} )14. Bxc3 Ne4 15. Rc1 a5 16. bxc4 Ba6 $1 17. f3 Nxc3 18. Rxc3 Bxc4 19. Rf2 Qg5 20. Qc1 h5 21. Bf1 Bxf1 22. Kxf1 Rab8 23. Rxc6 h4 24. Kg2 Rxe3 25. Rc8+ (25. f4 {is interesting.} Rxg3+ 26. hxg3 Qxg3+ 27. Kf1 Qd3+ 28. Kg2 )Rxc8 26. Qxc8+ $11 { Endgame KQR-KQR} Kh7 27. Qd7 f6 28. Qb5 Qf5 {[#] Hoping for ...h3+.} 29. g4 h3+ 30. Kg3 Qe4 {Strongly threatening ...f5.} 31. Qxa5 $2 {} (31. Qd7 $11 )f5 $19 32. gxf5 Qxf5 33. Qb5 Re6 {[#] ( -> ...Qg5+)} 34. Re2 Rg6+ 35. Kf2 Qf4 36. Qb1 Kh6 37. Qd3 Qxh2+ 38. Ke3 Re6+ {Weighted Error Value:
White=0.87/Black=0.22} 0-1

[Event "Airthings Masters KO 2020"]
[White "Nepomniachtchi,Ian"]
[Black "Radjabov,Teimour"]
[Site "Online"]
[Round "1.1"]
[Annotator "TA"]
[Result "1/2-1/2"]
[Date "2020.12.28"]
[WhiteElo "2784"]
[BlackElo "2765"]
[PlyCount "145"]

1. d4 {} Nf6 2. c4 e6 3. Nc3 d5 4. cxd5 exd5 5. Bg5 Be7 6. e3 c6 7. Bd3 0-0 8. Qc2 Nbd7 {} 9. Nge2 Re8 10. 0-0 Nf8 11. f3 g6 {11...Be6 is vanishing.} 12. Rad1 Ne6 {D36: Queen's Gambit Declined:
Exchange Variation: Main line (5 Bg5 c6 6 Qc2).} 13. Bh4 b5 14. Kh1 Bb7 15. Bf2 Rc8 16. Nf4 Nxf4 17. exf4 Bd6 18. Ne2 Nh5 19. f5 {[#]} Qc7 $146 ({Predecessor:
} 19... Qf6 20. g4 Nf4 21. Nxf4 Bxf4 22. Kg2 Rc7 23. Rfe1 Rce7 24. Rxe7 Rxe7 25. h4 Bc8 26. Bxb5 Bxf5 27. Qxc6 {1/2-1/2 (38) Lafarga Santorroman,D (2636)
-Velilla Velasco,F (2566) ICCF email 2010} )20. g3 b4 21. Qd2 a5 22. Rfe1 Rcd8 23. Kg2 Bc8 24. Ng1 Ng7 25. fxg6 hxg6 26. Nh3 c5 27. g4 c4 (27... Bxh2 $2 28. Rh1 $18 )28. Bb1 Ne6 (28... Bxh2 $2 29. Qh6 $18 )29. Bh4 {[#]} (29. Qh6 $17 )c3 ({Inferior is} 29... Bxh2 30. Qh6 $16 )(29... Kg7 $1 $19 {And now ...
Rh8 would win.} 30. Bg3 (30. Bxd8 $2 Qxd8 31. Re5 Bxe5 $19 )Rh8 )30. bxc3 $17 bxc3 31. Qf2 {[#]} (31. Qc1 $142 )Be7 ({Not} 31... Bxh2 $2 32. Bf6 $18 )(31... Kg7 $1 $17 32. Rc1 Rh8 )32. Bg3 Bd6 ({Black should try} 32... Qc6 $15 )33. Rc1 Bxg3 34. hxg3 Qc4 35. Re3 Qxd4 {...Nf4+! is the strong threat.} 36. Rexc3 Qf6 37. Ra3 d4 38. Be4 d3 ({Black should play} 38... Ng5 $15 39. Nxg5 Qxg5 )39. Rxd3 $11 Rxd3 40. Bxd3 Bb7 41. Re1 Rd8 42. Be4 Bxe4 43. Rxe4 Qc3 44. Nf4 Rd2 45. Re2 Rxe2 46. Qxe2 Nxf4+ 47. gxf4 { Endgame Threatens to
win with Qe8+. KQ-KQ} Kf8 48. a4 Qb4 49. Qe4 Qd2+ 50. Kg3 Qd1 51. f5 Qg1+ 52. Kf4 Qc1+ 53. Ke5 Qc5+ 54. Qd5 f6+ 55. Ke4 gxf5+ 56. Qxf5 Qc4+ 57. Ke3 Qb3+ 58. Kf2 Qxa4 59. Qxf6+ Kg8 60. Kg3 {Black must now prevent Qg5+.} Qb4 {The
position is equal.} 61. Qe6+ Kf8 62. g5 a4 63. Qe5 (63. Qf6+ {with more
complications.} Kg8 64. f4 a3 65. Qe6+ Kf8 66. Qf6+ )a3 64. g6 {aiming
for Qf6+.} Kg8 $1 65. Qe6+ (65. f4 {is interesting.} Qb3+ 66. Kh4 Qa2 67. Qe4 Qf2+ 68. Kg5 )Kg7 66. Qf7+ (66. f4 {seems wilder.} Qc3+ 67. Kg4 Qf6 68. Qd7+ Kxg6 69. Qd3+ )Kh6 67. Kh3 {g7 would kill now.} (67. g7 {is more
complex.} Qe1+ 68. Kf4 Qc1+ 69. Ke4 Qc2+ 70. Kf4 )Qb1 68. Qh7+ (68. f4 {
looks sharper.} Qf1+ 69. Kg4 Qg1+ 70. Kf5 Qc5+ 71. Ke4 )Kg5 69. f4+ {
 Decoy} Kxf4 {} 70. Qh4+ Kf5 71. Qg4+ Kf6 72. Qf3+ Kxg6 {
( -> ...Qf5+)} 73. Qxa3 {Weighted Error Value: White=0.11/Black=0.12} 1/2-1/2

[Event "Airthings Masters KO 2020"]
[White "Vachier-Lagrave,Maxime"]
[Black "So,Wesley"]
[Site "Online"]
[Round "1.1"]
[Annotator "TA"]
[Result "1/2-1/2"]
[Date "2020.12.28"]
[WhiteElo "2784"]
[BlackElo "2770"]
[PlyCount "99"]

1. e4 {} e5 2. Nf3 Nc6 3. Bb5 Nf6 4. 0-0 Nxe4 5. d4 Nd6 6. Bxc6 dxc6 7. dxe5 Nf5 8. Qxd8+ Kxd8 9. h3 Be7 {C67: Ruy Lopez: Berlin Defence: 4 0-0
Nxe4.} 10. Nc3 Nh4 11. Nxh4 Bxh4 {White has an edge.} 12. Be3 Ke8 13. Ne2 h5 14. Rad1 Be7 15. f4 g6 {[#]} 16. Rd2 $146 ({Predecessor:} 16. Nd4 Bd7 17. f5 Bxf5 18. Nxf5 gxf5 19. Rxf5 h4 20. Kf2 a5 21. Kf3 a4 22. Rd4 {1/2-1/2 (54)
Karjakin,S (2760)-Adams,M (2712) Batumi 2018} )h4 17. Nd4 a6 18. Nb3 b6 19. Nd4 c5 20. Nc6 Bd7 (20... Bb7 $11 21. Nxe7 Kxe7 )21. Nxe7 $14 Kxe7 {[#]} 22. Rfd1 ({White should try} 22. f5 $1 $16 Bxf5 23. Bg5+ Ke6 24. Bf6 )Bf5 $11 23. Kf2 a5 24. Kf3 a4 25. a3 Ra5 26. c4 (26. Bf2 $11 )Raa8 $15 27. Bf2 Be6 28. Be3 {[#] aiming for f5!} Rh5 29. Rc1 Rf5 30. Ke2 Rg8 31. Rc3 g5 32. fxg5 {The position is equal.} Rxe5 33. Kf2 Re4 34. Kf3 Rxc4 35. Rxc4 Bxc4 $11 {
 Endgame KRB-KRB} 36. Bf4 Rd8 37. Rxd8 Kxd8 {KB-KB} 38. Kg4 Bd5 39. Kxh4 Bxg2 40. Kg3 Bf1 41. h4 Be2 42. Be5 c6 43. Kf4 Ke7 44. Bc7 b5 45. Ke5 Kf8 46. Kd6 Bf3 47. Kxc5 Kg7 48. h5 Bxh5 49. Kxc6 Be2 50. Be5+ {Weighted Error
Value: White=0.09/Black=0.06} 1/2-1/2

[Event "Airthings Masters KO 2020"]
[White "Aronian,Levon"]
[Black "Nakamura,Hikaru"]
[Site "Online"]
[Round "1.1"]
[Annotator "TA"]
[Result "1/2-1/2"]
[Date "2020.12.28"]
[WhiteElo "2781"]
[BlackElo "2736"]
[PlyCount "80"]

1. d4 {} g6 2. e4 Nf6 3. Nc3 d6 4. Nf3 Bg7 5. Be2 0-0 6. 0-0 Nc6 7. d5 Nb8 8. a4 a5 {was the old line (8...e6). B08: Pirc Defence: Classical
System.} 9. Re1 c6 10. Be3 {[#]} cxd5 $146 {White is slightly better.} ({
Predecessor:} 10... Na6 11. Nd2 e6 12. Nc4 cxd5 13. exd5 exd5 14. Bb6 Nc7 15. Nb5 Nfe8 16. Ncxd6 Qd7 17. Nxe8 Nxe8 {1-0 (46) Nisipeanu,L (2665)-Graf,A (2596)
Bad Wiessee 2014} )11. exd5 Nbd7 12. Bb5 Nc5 13. Qe2 (13. Bxc5 {is interesting.
} dxc5 14. Qd2 Bd7 15. Rad1 Bg4 16. Qf4 )Bg4 14. Bxc5 dxc5 15. Qxe7 ({
White should try} 15. h3 $16 Bxf3 16. Qxf3 )Nxd5 16. Qxd8 (16. Qxc5 Bxc3 17. bxc3 Rc8 $17 )(16. Nxd5 {is more complex.} Qxd5 17. Ne5 Be6 18. Rad1 Qa2 19. Bd7 )Raxd8 17. Nxd5 Rxd5 18. c3 Rfd8 19. Bc4 Bxf3 20. gxf3 Rg5+ 21. Kf1 Rf5 22. Rad1 Rxd1 23. Rxd1 Rxf3 $11 { Endgame KRB-KRB} 24. Rd8+ Bf8 25. Rb8 Kg7 (25... Rf4 $5 {} 26. b3 h5 $14 )26. Rxb7 Bd6 {[#]} (26... Rf4 $14 27. b3 Bd6 )27. Rd7 ({Better is} 27. Ra7 $1 $16 )Bb8 $14 28. Rb7 Be5 (28... Bd6 $1 $11 {remains equal.} )29. Rb5 { Double
Attack} Bxh2 $2 {Black cannot hold the game after this.} ({Black should play} 29... Bc7 $14 )30. Kg2 $18 ({Much less strong is} 30. Rxa5 $6 Bg3 $14 )(30. Rxc5 Bg3 $11 )Rf4 31. Rxc5 ({Worse is} 31. Kxh2 Rxc4 32. Rxa5 h5 $11 )Rh4 {[#]} 32. Bd5 $1 ({But not} 32. Rxa5 $6 Rxc4 33. Kxh2 h5 $16 )Bd6 33. Rxa5 f5 (33... h5 {was called for.} 34. Ra6 Rg4+ 35. Kf1 Be5 )34. Ra6 Be5 35. Re6 Bb8 36. a5 {} Rg4+ 37. Kf1 {White is
clearly winning.} Ra4 38. a6 Kh6 39. b4 {} Ba7 40. b5 Ra1+ { Weighted Error Value: White=0.13/Black=0.39. An
unexpected result.} 1/2-1/2

[Event "Airthings Masters KO 2020"]
[White "So,Wesley"]
[Black "Vachier-Lagrave,Maxime"]
[Site "Online"]
[Round "1.1"]
[Annotator "TA"]
[Result "0-1"]
[Date "2020.12.28"]
[WhiteElo "2770"]
[BlackElo "2784"]
[PlyCount "90"]

1. e4 {} c5 2. Nf3 d6 3. d4 cxd4 4. Nxd4 Nf6 5. Nc3 a6 6. Be3 Ng4 7. Bc1 Nf6 8. Be3 Ng4 9. Bg5 h6 10. Bh4 g5 11. Bg3 Bg7 {11...Bg7 was played by the boomers.} 12. h3 Ne5 13. Nf5 Bxf5 {B90:
Sicilian Najdorf: Unusual White 6th moves, 6 Be3 Ng4 and 6 Be3 e5.} 14. exf5 Nbc6 15. Nd5 e6 {The position is equal.} 16. fxe6 fxe6 17. Ne3 Qa5+ 18. c3 Nf3+ $1 19. gxf3 (19. Qxf3 $14 Bxc3+ 20. Kd1 Bxb2 21. Qe4 Bxa1 22. Qxe6+ Kd8 23. Qxd6+ Ke8 24. Qg6+ Kd8 25. Qd6+ Ke8 26. Qe6+ Ne7 27. Bd6 Qa4+ 28. Nc2 )Bxc3+ $1 $11 20. bxc3 Qxc3+ 21. Qd2 Qxa1+ 22. Nd1 {[#]} Qf6 $5 $146 {
An interesting novelty.} ({Predecessor:} 22... Qd4 23. Bd3 Rf8 24. 0-0 Rxf3 25. Ne3 Kd7 26. Rd1 Raf8 27. Qe2 Qc5 28. Be4 Nd4 29. Qd3 Rxg3+ 30. fxg3 e5 31. Kg2 b5 32. Qd2 Rc8 33. Nf5 Qc3 34. Nxd4 {1-0 (32) Giri,A (2779)-Vachier Lagrave,M 
(2775) Paris 2019} )23. Bg2 (23. Bxd6 $2 Rd8 $19 )Rd8 24. f4 Nd4 (24... gxf4 $1 $11 25. Bxf4 Rg8 )25. Ne3 (25. fxg5 $14 hxg5 26. Qd3 )gxf4 26. Ng4 Qf5 (26... Qg6 $5 {} 27. Qxd4 Qb1+ 28. Ke2 Qxa2+ 29. Ke1 Qb1+ 30. Kd2 Qa2+ 31. Ke1 Qb1+ 32. Kd2 Qa2+ 33. Kd3 Qb3+ 34. Ke2 e5 35. Nxe5 Qa2+ 36. Kf3 fxg3 $11 )27. Qxd4 Qb1+ 28. Ke2 Qxa2+ 29. Kf3 Qb3+ 30. Ne3 Rf8 31. Bh4 ({Reject} 31. Bxf4 e5 $17 )e5 32. Qe4 {Hoping for Qg6+.} fxe3+ 33. Kg3 exf2+ 34. Kh2 f1=N+ 35. Bxf1 Rc8 36. Bg2 $1 {aiming for Qg6+.} Rg8 {White must
now prevent ...Rc4!} 37. Rg1 (37. Rb1 $11 {keeps the balance.} Qa2 38. Bg3 (38. Rxb7 $2 Rxg2+ 39. Qxg2 Rc2 $19 ))Rg7 ({Better is} 37... Rc4 $17 38. Qd5 Rg6 )38. Bf6 $40 { White mounts an attack.} Rf7 39. Qg4 $2 {} Rc2 $2 ({Black should try} 39... Qc4 $19 40. Bh4 Qxg4 41. hxg4 Rc2 )40. Qg8+ $14 { White has compensation.} Kd7 {Strongly threatening ...
Rc8.} 41. Bh4 {White wants to mate with Qd8+.} Rf3 {} 42. Qd8+ $1 Kc6 {And now ...Qe6 would win.} 43. Bg3 {[#]} (43. Rc1 $11 Rxc1 44. Qc8+ Kb6 45. Qxc1 )Qe6 (43... h5 $1 $17 )44. Rb1 $2 { [#]} (44. Kh1 $11 e4 45. Qh4 Rxg2 46. Rxg2 )Rxg2+ $1 $19 45. Kxg2 {[#]} Rxg3+ $1 { Weighted Error Value: White=0.42/Black=0.24} 0-1

[Event "Airthings Masters KO 2020"]
[White "Radjabov,Teimour"]
[Black "Nepomniachtchi,Ian"]
[Site "Online"]
[Round "1.1"]
[Annotator "TA"]
[Result "1/2-1/2"]
[Date "2020.12.28"]
[WhiteElo "2765"]
[BlackElo "2784"]
[PlyCount "78"]

1. Nf3 {} c5 2. c4 Nc6 3. e3 Nf6 4. Nc3 e6 5. d4 d5 6. cxd5 Nxd5 7. Bd3 Be7 8. 0-0 (8. a3 0-0 9. Nxd5 Qxd5 10. Qc2 h6 11. Be4 Qd6 12. dxc5 Qxc5 13. Qxc5 Bxc5 14. b4 Be7 15. Bb2 Bd7 16. Ke2 Rfd8 17. Rhd1 f5 18. Bc2 Bf6 19. Bxf6 gxf6 {1/2-1/2
(84) Radjabov,T (2765)-Nepomniachtchi,I (2784) chess24.com INT 2020} )0-0 9. Re1 b6 10. Nxd5 {D42: Queen's Gambit Declined: Semi-Tarrasch: 5 cxd5 Nxd5 6
e3 Nc6 7 Bd3 .} exd5 11. dxc5 bxc5 12. Bd2 {[#]} Qb6 $146 ({Predecessor:} 12... c4 13. Be2 Bf6 14. Qc2 Rb8 15. Bc3 Be6 16. Red1 Bxc3 17. Qxc3 Qa5 18. Qxa5 {
1/2-1/2 (18) Shariyazdanov,A (2612)-Ruck,R (2472) Oberwart 2000} )13. Bc3 Rd8 14. h3 Be6 15. Qa4 a5 16. Qf4 d4 (16... Nb4 $11 17. Bb1 (17. Qe5 $2 Bf6 $19 )h6 )17. exd4 $14 cxd4 18. Bd2 {[#] Rxe6! is the strong threat.} (18. Rxe6 $5 fxe6 19. Bd2 $14 )Nb4 $1 {} 19. Bxb4 axb4 20. Rac1 {
Black must now prevent Qe4!} Qd6 21. Qe4 {} g6 22. Bc4 {} (22. Rc6 $5 {} Qd5 23. Qxd5 Bxd5 24. Rc2 $15 )Bxc4 {
The position is equal.} 23. Rxc4 Bf8 $1 24. Rxd4 Qa6 25. a3 bxa3 26. bxa3 Qxa3 27. Rxd8 Rxd8 28. g3 Qb4 (28... Qa5 {looks sharper.} 29. Kg2 Qc5 30. Re2 Rd1 31. h4 Qd5 )29. Qxb4 Bxb4 $11 { Endgame KRB-KRN} 30. Re2 Kf8 31. Kg2 Re8 (31... Rd7 {keeps more tension.} 32. Ne5 Re7 33. Kf3 Bd6 34. Nc4 Rxe2 35. Kxe2 Bc7 )32. Rxe8+ Kxe8 {KB-KN} 33. Ng1 Kf8 34. Nf3 Kg8 35. Ng1 Bf8 36. Nf3 Bg7 37. Ng1 Bf8 38. Nf3 Bg7 39. Ng1 Bf8 {Weighted Error Value: White=0.05/
Black=0.07} 1/2-1/2

[Event "Airthings Masters KO 2020"]
[White "Nakamura,Hikaru"]
[Black "Aronian,Levon"]
[Site "Online"]
[Round "1.1"]
[Annotator "TA"]
[Result "1/2-1/2"]
[Date "2020.12.28"]
[WhiteElo "2736"]
[BlackElo "2781"]
[PlyCount "72"]

1. d4 {} Nf6 2. c4 e6 3. Nf3 d5 4. Nc3 Bb4 5. cxd5 exd5 6. Bf4 {D38: Queen's Gambit
Declined: Ragozin Defence (4 Nf3 Bb4).} 0-0 {[#]} 7. Qb3 $146 ({Predecessor:} 7. e3 Bf5 8. Qb3 Nc6 9. Nh4 Be6 10. Bd3 a5 11. 0-0 Nh5 12. Bg3 Nxg3 13. hxg3 Be7 {1-0 (58) Carlsen,M (2863)-Firouzja,A (2728) chess24.com INT 2020} )c5 8. dxc5 {The position is equal.} Nc6 {And now ...d4 would win.} 9. e3 Ne4 10. Be2 Nxc5 11. Qc2 d4 {[#] White must now prevent ...d3.} 12. exd4 (12. Rd1 $1 $14 )Ne6 13. Be3 {Hoping for Rd1.} Nexd4 14. Nxd4 Nxd4 15. Bxd4 Qxd4 16. 0-0 Be6 17. Bf3 Rac8 {} 18. Bxb7 Rc7 19. Rfd1 Qe5 {} 20. Bf3 Bxc3 21. bxc3 Rxc3 22. Qa4 Qc5 23. Qd4 Qxd4 24. Rxd4 Ra3 25. Bd5 Rd8 26. Rad1 Bxd5 27. Rxd5 Rxd5 28. Rxd5 $11 { [#] Endgame
KR-KR} Kf8 29. Rd2 Ke7 30. h4 h5 (30... Ra4 {is more complex.} 31. g3 g6 32. Re2+ Kd6 33. Rd2+ Ke5 )31. g3 g6 32. Kg2 Ke6 33. Re2+ Kd6 34. Rd2+ Ke6 35. Re2+ Kd6 36. Rd2+ Ke6 {Not much happened in this game.  Weighted Error Value:
White=0.08/Black=0.07} 1/2-1/2

[Event "Airthings Masters KO 2020"]
[White "Dubov,Daniil"]
[Black "Carlsen,Magnus"]
[Site "Online"]
[Round "1.1"]
[Annotator "TA"]
[Result "1/2-1/2"]
[Date "2020.12.28"]
[WhiteElo "2699"]
[BlackElo "2862"]
[PlyCount "124"]

1. d4 {} Nf6 2. c4 e6 3. Nf3 d5 4. g3 dxc4 5. Bg2 Bb4+ 6. Nbd2 Bd7 {E04: Open Catalan: 5 Nf3.} 7. 0-0 Bxd2 8. Bxd2 Bc6 {White has an edge.} 9. Rc1 Bd5 10. Bg5 Nbd7 {[#]} 11. Ne5 $146 {Threatens to win with e4.} (11. Re1 {with more complications.} h6 12. Bxf6 Nxf6 13. Ne5 Bxg2 14. Kxg2 Qd5+ 15. f3 )({Predecessor:} 11. Re1 h6 12. Bxf6 Nxf6 13. Qa4+ c6 14. Qa3 Bxf3 15. Bxf3 Qe7 16. Qxe7+ Kxe7 17. Rxc4 {
1/2-1/2 (78) Melkumyan,H (2642)-Grachev,B (2654) Tbilisi 2017} )Bxg2 12. Kxg2 Nxe5 13. dxe5 Qd5+ 14. Qxd5 Nxd5 15. Rxc4 {Black must now prevent e4.} h6 16. Bc1 (16. Bd2 {is more complex.} 0-0-0 17. Rfc1 Rd7 18. h4 Nb6 19. R4c2 )0-0-0 17. Rg4 Rh7 18. h4 h5 19. Ra4 a6 20. Bg5 Rd7 21. Ra3 Rh8 22. Rc1 Nb4 23. Rf3 Nc6 24. Rc5 Rf8 25. Rfc3 Nd4 26. Be3 {Black should prevent Bxd4.} Nf5 27. Bg5 Nd4 28. Be3 {next Bxd4 is good for White.} c6 29. R5c4 Rfd8 30. Bg5 $1 {} Rf8 31. Rd3 $1 Nb5 32. Rxd7 $1 Kxd7 $16 { Endgame
KRB-KRN} 33. a4 Nc7 34. Rd4+ Kc8 35. a5 Nd5 36. e4 Nc7 (36... c5 $16 37. Rc4 Nb4 )37. Kf3 $18 Nb5 38. Rd1 Rh8 (38... f6 $16 39. exf6 e5 )39. g4 hxg4+ 40. Kxg4 c5 41. Rc1 Nd4 42. Rxc5+ Kd7 43. h5 Nb3 44. Rc3 Nxa5 45. Rd3+ (45. Rf3 $142 $1 {} Rf8 46. Rd3+ Kc8 47. Be7 )Kc8 $16 46. f4 Nc6 47. Bh4 Kc7 48. Rd6 ({Better is} 48. Kg5 $16 )a5 (48... g6 $1 $11 {remains
equal.} )49. Bg3 Re8 50. Kg5 $1 b5 51. f5 $1 a4 52. f6 (52. Bf4 $1 $16 )Rg8 $11 {With the idea ...gxf6+.} 53. Rd3 (53. Kh4 $14 )b4 54. Bf4 Kb6 (54... gxf6+ $11 55. Kxf6 Rg4 )55. fxg7 $1 $16 Rxg7+ 56. Kf6 Rh7 57. h6 Kc5 58. Be3+ Kc4 59. Rd6 Kb5 {[#]} 60. Rd3 (60. Bc1 $1 $16 )Kc4 $11 61. Rd6 ({
White should try} 61. Rd1 $11 )Kb5 $16 {[#]} 62. Rd3 (62. Bc1 $1 $16 )Kc4 {Weighted Error Value: White=0.15/Black=0.14} 1/2-1/2

[Event "Airthings Masters KO 2020"]
[White "Carlsen,Magnus"]
[Black "Dubov,Daniil"]
[Site "Online"]
[Round "1.2"]
[Annotator "TA"]
[Result "1/2-1/2"]
[Date "2020.12.28"]
[WhiteElo "2862"]
[BlackElo "2699"]
[PlyCount "152"]

1. e4 {} e5 2. Nf3 Nc6 3. Nc3 Nf6 4. Bb5 Nd4 5. 0-0 Nxb5 6. Nxb5 c6 7. Nc3 d6 8. d4 Qc7 9. Bg5 {C48: Four Knights: 4 Bb5, replies
other than 4...Bb4.} Be7 10. a4 h6 {[#]} 11. Bh4 $146 {The position is equal.} ({Predecessor:} 11. Bxf6 Bxf6 12. d5 0-0 13. Qd3 Be7 14. Nd2 Bd7 15. a5 Rac8 16. a6 b5 17. dxc6 Bxc6 18. Nxb5 Bxb5 19. Qxb5 Qxc2 {1/2-1/2 (44) Perez Ponsa,
F (2554)-Pichot,A (2630) chess24.com INT 2020} )Nh5 12. Bxe7 Qxe7 13. a5 Nf4 14. Ne2 Nxe2+ 15. Qxe2 0-0 16. Rfd1 Bg4 17. h3 Bxf3 18. Qxf3 Rad8 19. a6 b6 20. Ra3 exd4 21. Rxd4 Qe5 22. Rad3 c5 23. Rd5 Qxb2 24. Qe2 Rfe8 25. e5 c4 26. Rd1 Rc8 {} 27. Rxd6 Qxe5 28. Qxe5 Rxe5 $11 { Endgame
KRR-KRR} 29. Rd7 Rce8 30. Rxa7 Re1+ $1 31. Rxe1 Rxe1+ $14 {KR-KR} 32. Kh2 {
And now Rc7 would win.} Ra1 33. Kg3 ({Better is} 33. Ra8+ $16 Kh7 34. a7 )b5 $1 $11 34. Ra8+ Kh7 35. a7 Kg6 {[#]} (35... b4 $11 {keeps the balance.} )36. Kf4 (36. c3 $1 $16 )b4 $1 $14 37. Rb8 Rxa7 38. Rxb4 Rc7 39. Ke3 Kf5 40. Kd4 Re7 41. Rxc4 Re2 42. g4+ Kg5 $2 (42... Ke6 $11 {and Black has nothing to
worry.} )43. Rc5+ $18 Kf6 44. Rf5+ Ke6 45. c4 g6 (45... Rd2+ $142 46. Kc3 Ra2 )46. Rf3 Rd2+ 47. Kc3 Ra2 {Hoping for ...Ra3+.} 48. Kb3 Rd2 (48... Ra8 $142 49. Rd3 Rb8+ 50. Ka4 Rc8 )49. Kb4 f5 $2 (49... Rb2+ 50. Kc5 f5 )50. Re3+ (50. gxf5+ $142 gxf5 51. c5 )Kd6 51. f3 (51. gxf5 $18 gxf5 52. c5+ Kc6 53. Re6+ Kd7 {[#]} 54. Kc3 $1 (54. Rxh6 Rxf2 55. Kc4 f4 $16 )Rxf2 55. Rd6+ (55. Rxh6 f4 $16 )Kc8 56. Rxh6 )Rb2+ $11 52. Rb3 (52. Kc3 {looks sharper.} Rh2 53. Kd4 Rxh3 54. c5+ Kc7 55. gxf5 gxf5 56. Kd5 )Rh2 53. Rd3+ Kc6 54. gxf5 (54. f4 {seems wilder.} fxg4 55. hxg4 Rb2+ 56. Kc3 Rf2 57. Rd4 )gxf5 55. Rd5 Rxh3 56. Rxf5 h5 57. Rf6+ Kd7 58. Kb5 h4 59. c5 {aiming for c6+.} Rh1 60. c6+ Ke7 61. Rh6 h3 62. Rh7+ Kd6 63. c7 Rc1 $1 64. Kb6 $2 {} (64. f4 $11 )h2 65. Rh6+ Kd7 66. Rxh2 Rb1+ {Mate.} 67. Kc5 Kxc7 68. Rd2 Rc1+ 69. Kb4 Rc6 70. Rd3 Rf6 71. Kc5 Rf8 72. Kc4 Kc6 73. Kc3 Rf5 74. Kd2 Rd5 75. Ke3 Rxd3+ 76. Kxd3 Kd5 { Quite a comeback for Black.  Weighted Error
Value: White=0.21/Black=0.21. An unexpected result.} 1/2-1/2

[Event "Airthings Masters KO 2020"]
[White "Nepomniachtchi,Ian"]
[Black "Radjabov,Teimour"]
[Site "Online"]
[Round "1.2"]
[Annotator "TA"]
[Result "0-1"]
[Date "2020.12.28"]
[WhiteElo "2784"]
[BlackElo "2765"]
[PlyCount "102"]

1. e4 {} b6 2. d4 Bb7 3. Nc3 e6 4. Nf3 d6 5. a4 a6 6. Bd3 {B00: Queen's Fianchetto
Defence, Nimzowitsch Defence.} Nd7 7. 0-0 {[#]} h6 $146 ({Predecessor:} 7... Ne7 8. Re1 h6 9. b4 g5 10. b5 a5 11. e5 dxe5 12. Be4 Bxe4 13. Nxe4 Bg7 {
0-1 (50) Astaneh Lopez,A (2430)-Howell,D (2698) Balagna 2019} )8. Re1 {White
is slightly better.} Ngf6 9. h3 Be7 10. Bf4 g5 11. Bh2 g4 12. hxg4 Nxg4 13. d5 Rg8 14. dxe6 (14. Qe2 {is interesting.} Bh4 )fxe6 15. Bc4 Rg6 (15... Bh4 $15 16. g3 Qf6 )16. Ne2 Nxh2 (16... Bxe4 $2 17. Nf4 $18 )17. Nxh2 ({White
should try} 17. Kxh2 $11 e5 18. Ng3 )Bg5 {[#]} (17... Bxe4 $2 18. Nf4 $18 )(17... Bh4 $1 $15 {stays ahead.} 18. Nf4 Bxf2+ $1 19. Kxf2 Qf6 )18. Nd4 $1 $16 {} Nf8 19. Qh5 (19. a5 $16 )Qf6 $11 20. e5 Qf7 {...Be3!
is the strong threat.} 21. exd6 $2 { [#] Now White is beyond hope.} (21. Ng4 $1 $11 {and White stays safe.} d5 22. Be2 )Be3 $1 $19 { Double Attack} 22. d7+ Nxd7 23. Ng4 {[#]} Bxf2+ $40 { Black
goes for the king.} 24. Kh1 Bxe1 ({Less strong is} 24... Bxd4 25. Bxe6 Rxe6 26. Rxe6+ Kf8 27. Rg6 $15 (27. Qxh6+ $2 Bg7 $19 ))25. Rxe1 {[#]} 0-0-0 $1 26. Bxe6 {[#]} Rxe6 {} 27. Qxf7 Rxe1+ 28. Kh2 Re4 29. Qg7 h5 30. Nh6 Kb8 31. c3 (31. Qg5 $142 Rc8 32. Ndf5 )Ne5 32. a5 bxa5 33. Ne6 {[#]} Nf3+ $1 {
 Discovered Attack} 34. gxf3 Rxe6 { Discovered Attack} 35. Nf5 Re2+ 36. Kg3 Rxb2 37. Nd4 (37. Kf4 $142 )h4+ 38. Kxh4 Rb6 (38... a4 $142 39. Kg3 a3 )39. Kg3 a4 {} 40. Qe7 Rdd6 (40... Rd5 $142 41. Qe8+ Ka7 42. Qxa4 c5 )41. Nf5 $2 (41. Qe8+ Ka7 42. Qxa4 )Rd3 42. Qf8+ Ka7 43. Qc5 Rd5 44. Qf8 a3 45. Ne7 Rg5+ {Black mates.} 46. Kf4 Ra5 47. Nc8+ Bxc8 48. Qxc8 Rc6 49. Qe8 Rc4+ 50. Kg3 a2 51. Qe3+ Rcc5 {Weighted Error
Value: White=0.72/Black=0.22} 0-1